| 000 | 03529nam a2200421 i 4500 | ||
|---|---|---|---|
| 003 | EG-GICUC | ||
| 005 | 20260412154131.0 | ||
| 008 | 260412s2025 ua |||f m||| 00| 0 ara d | ||
| 040 |
_aEG-GICUC _cEG-GICUC _dEG-GICUC _erda _bara |
||
| 041 | 0 |
_aara _bara _dara |
|
| 049 | _aإهداء | ||
| 082 | 0 | 4 |
_a342.31 _221 |
| 097 | _aPh.D | ||
| 099 | _aLaw 08 PHD 2025 | ||
| 100 | 0 |
_aمحمد مختار أحمد محمد الشقيري _eمؤلف. |
|
| 245 | 1 | 0 |
_aالأداء التشريعي والرقابي للبرلمان في مصر ودوره في التطور الديموقراطي (دراسة مقارنة) / _cإعداد محمد مختار أحمد محمد الشقيري؛ إشراف الأستاذ الدكتور جابر جاد نصار. |
| 264 | 0 |
_aالقاهرة: _bكلية الحقوق- جامعة القاهرة، _c2025. |
|
| 300 |
_a445 صفحة؛ _c25 سم. |
||
| 336 |
_atext _2rda content |
||
| 337 |
_aComputer _2rda media |
||
| 338 |
_aOnline Resource _2rda carrier |
||
| 502 | _a أطروحة (دكتوراة)- جامعة القاهرة، كلية الحقوق، قسم القانون الدستوري، 2025. | ||
| 504 | _aببليوجرافيا: صفحات 420-441 | ||
| 520 | 3 | _aتكتسب هذه الدراسة أهميتها من مكانة البرلمان الذي يحتل مكانا بارزا ومتميزا في الدولة الديمقراطية الحديثة. ومن أهمية الدور الذي يقوم به البرلمان سواء في مجال من القوانين أو الرقابة على أعمال الحكومة، كما أنه يلعب دورا محوريا في إطار التحولات الديمقراطية والسياسية والتعددية الحزبية، فلا يمكن تحقيق الديمقراطية بلا برلمان، بل التقدم نحو الحكم الديمقراطي يعتمد على برلمان قوي. ويعطي هذا البحث مؤشرات ونتائج حول الأداء التشريعي والرقابي للبرلمان ودوره في عملية التحول الديمقراطي، فضلا عن مختلف العوامل التي تؤدي إلى إضعاف البرلمان، وتساعد على اكتشاف المعوقات على مستوي النص القانوني وعلى مستوي الممارسة، ومن المؤمل أن تعمل هذه الرسالة على إيجاد الحلول المناسبة لتلافي وإصلاح العيوب وأوجه القصور والأثار الناجمة عنها أو التخفيف منها. | |
| 546 | _aالنص بالعربية والملخص باللغة الإنجليزية والعربية. | ||
| 650 | 0 | 4 | _aالقانون الدستوري |
| 653 | 0 | _aاكتشاف المعوقات على مستوي النص القانوني | |
| 653 | 0 | _aالأداء التشريعي والرقابي للبرلمان | |
| 653 | 0 | _aالتحولات الديمقراطية والسياسية والتعددية الحزبية | |
| 653 | 0 | _aمجال من القوانين أو الرقابة على أعمال الحكومة | |
| 655 | 4 |
_aرسائل جامعية _zجامعة القاهرة _xالقانون الدستوري |
|
| 700 | 0 |
_aجابر جاد نصار _eمشرف. |
|
| 710 | 2 |
_aجامعة القاهرة. _bكلية الحقوق |
|
| 856 | _uhttps://fll.law.cu.edu.eg/fulltext/th/T08-01604.pdf | ||
| 900 |
_b2025 _Uجامعة القاهرة _Fكلية الحقوق _Dقسم القانون الدستوري |
||
| 905 | _a64 | ||
| 942 |
_2ddc _cTH _e21 _n0 |
||
| 999 | _c70281 | ||